Statistics for Ultimate Friends trivia

Click here to take the quiz!

General Stats

  • This quiz has been taken 270 times
    (262 since last reset)
  • The average score is 13 of 24

Answer Stats

HintAnswer% Correct
how many children did janice have2
98%
how many seasons10
95%
when did the show end2004
89%
when did the show start1994
88%
tripletChandler
88%
triplets namesFrank jr jr
82%
monica and chandlers sons nameJack
76%
tripletLeslie
74%
what is rachels full nameRachel Karen Green
68%
sisterMary-Angela
66%
how many episodes236
63%
sisterCookie
59%
sisterDina
53%
chandlers dads nameCharles
51%
sisterMary-Therese
40%
sisterTina
40%
name joeys sistersGina
38%
what joey wanted to call his sonthe Hulk
32%
what is joeys full nameJoseph Francis Tribbiani
30%
what did joey want to call his boatMr Beaumont
29%
sisterVeronica
24%
how phoebe spelled the end of her nameello there mate
15%
what did phoebe change her name toPrincess Consuala Banana Hammock
7%
what order do the dots in the logo go inred-blue-yellow-red-yellow-blue
2%

Score Distribution

Percentile by Number Answered

Percent of People with Each Score

Your Score History

You have not taken this quiz since the last reset